00494nmm a2200169Ia 4500008004100000020001800041041000800059100002000067245005400087264005100141300001800192490002400210650001500234856005100249942000700300999001700307251105s9999||||xx |||||||||||||||||und|| a9788499402529 aspa aCabetas, Isabel 0aEl futuro es hoy :b Dar sabiduría a los años a[Madrid, España] :bBiblioteca Nueva, c2011 a256 páginas aColección Quipú aPsychology uhttps://public.digitaliapublishing.com/a/14671 cCF c92654d92654